Bahtera Penyelamat dalam kehidupan penda'wah

Bibliographic Details
Main Author: Fathi Yakan
Format: Book
Published: Kuala Lumpur : Dewan Pustaka Fajar , 1988
Subjects:

MARC

LEADER 00000cam a2200000 7i4500
001 0000004583
002 000004942
005 20080919.0
020 |a 967830095 
090 0 0 |a 297.7   |b FAT 
100 0 |a Fathi Yakan 
245 1 0 |a Bahtera Penyelamat dalam kehidupan penda'wah   |c Fathi Yakan 
260 |a Kuala Lumpur :   |b Dewan Pustaka Fajar ,   |c 1988 
300 |a 261 p. ;   |c 21 cm. 
650 0 0 |a Preaching,Islamic 
999 |a 034678   |b BUKU   |c PINJAMAN   |e PERPUSTAKAAN KOMUNITI PETALING JAYA 
999 |a 034679   |b BUKU   |c PINJAMAN   |e PERPUSTAKAAN KOMUNITI PETALING JAYA